[Event "XIV Miedzynarodowe Mistrzostwa Gdanska "]
[Site "CEN Gdansk"]
[Date "2012.??.??"]
[Round "1.32"]
[White "Wyczling, Bartosz"]
[Black "Smalara, Kazimierz"]
[Result "0-1"]
[WhiteElo "1591"]
[BlackElo "1951"]
[PlyCount "58"]
[EventDate "2012.??.??"]

1. d4 f5 2. e4 fxe4 3. Nc3 Nf6 4. Bg5 g6 5. d5 Bg7 6. Bc4 d6 7. h3 Nbd7 8. Nge2
Ne5 9. Bb3 c5 10. O-O a6 11. a4 Bd7 12. a5 O-O 13. Qd2 Bxh3 14. Bf4 Nf3+ 15.
gxf3 exf3 16. Ng3 Qd7 17. Rfe1 Qg4 18. Qe3 Nh5 19. Bxd6 exd6 20. Qe6+ Kh8 21.
Qxg4 Bxg4 22. Nxh5 gxh5 23. Re7 Be5 24. Rxe5 dxe5 25. Kf1 Bh3+ 26. Ke1 Rf4 27.
Ra4 Rd4 28. Ne4 Rg8 29. Rxd4 Rg1+ 0-1

[Event "XIV Miedzynarodowe Mistrzostwa Gdanska "]
[Site "CEN Gdansk"]
[Date "2012.??.??"]
[Round "1.33"]
[White "Keely, Leo A"]
[Black "Gostomski, Mariusz"]
[Result "1-0"]
[WhiteElo "1949"]
[BlackElo "1588"]
[PlyCount "67"]
[EventDate "2012.??.??"]

1. e4 c5 2. Nf3 Nc6 3. d4 cxd4 4. Nxd4 g6 5. Nc3 Bg7 6. Be3 Qa5 7. Be2 Nf6 8.
O-O O-O 9. Nb3 d6 10. Nxa5 Nxa5 11. Nd5 Nc6 12. Nxf6+ Bxf6 13. c3 a6 14. Bd4
Nxd4 15. cxd4 Be6 16. Qd2 Rac8 17. Rac1 Bxa2 18. Rxc8 Rxc8 19. Rc1 Rxc1+ 20.
Qxc1 Bxd4 21. Qc8+ Kg7 22. Qxb7 a5 23. b3 e6 24. Bc4 Kf6 25. Qc7 Bc5 26. Qxa5
Bb1 27. Qa1+ Ke7 28. Qxb1 h5 29. b4 Bb6 30. Qa2 Kf6 31. Qa6 Bd4 32. Qxd6 Be5
33. Qd8+ Kg7 34. b5 1-0

[Event "XIV Miedzynarodowe Mistrzostwa Gdanska "]
[Site "CEN Gdansk"]
[Date "2012.??.??"]
[Round "1.34"]
[White "Tarajkiewicz, Krzysztof"]
[Black "Wyrwa, Zdzislaw"]
[Result "1/2-1/2"]
[WhiteElo "1574"]
[BlackElo "1946"]
[PlyCount "54"]
[EventDate "2012.??.??"]

1. e4 c5 2. Nc3 e6 3. f4 Nc6 4. Nf3 a6 5. g3 d6 6. Bg2 Qc7 7. O-O Be7 8. a4 Nf6
9. d3 O-O 10. Bd2 Re8 11. Re1 b6 12. e5 Nd7 13. exd6 Bxd6 14. Ne4 Be7 15. Bc3
Bb7 16. Qd2 Rad8 17. Rad1 b5 18. axb5 axb5 19. b3 h6 20. Qe2 b4 21. Bb2 Nb6 22.
d4 cxd4 23. Nxd4 Nxd4 24. Rxd4 Rxd4 25. Bxd4 Nd5 26. Qf2 Rc8 27. Rc1 Qc6
1/2-1/2

[Event "XIV Miedzynarodowe Mistrzostwa Gdanska "]
[Site "CEN Gdansk"]
[Date "2012.??.??"]
[Round "1.36"]
[White "Bobryk, Konrad"]
[Black "Cybulski, Ryszard"]
[Result "1-0"]
[WhiteElo "1558"]
[BlackElo "1925"]
[PlyCount "59"]
[EventDate "2012.??.??"]

1. d4 Nf6 2. c4 e6 3. Nc3 Bb4 4. Qc2 Nc6 5. e3 b6 6. Bd3 Bb7 7. Nge2 O-O 8. O-O
h6 9. a3 Bxc3 10. Nxc3 Nh5 11. Ne4 f5 12. Ng3 Nf6 13. b4 f4 14. Ne4 f3 15. gxf3
d5 16. Ng3 Ne7 17. c5 h5 18. Kh1 h4 19. Ne2 Nc6 20. Nf4 Qd7 21. Ng6 Rfe8 22.
Nxh4 Ne7 23. Rg1 Kf7 24. Bg6+ Kg8 25. Bxe8 Rxe8 26. Ng6 Nf5 27. Bb2 Qf7 28. b5
Bc8 29. Rac1 Nd7 30. cxb6 1-0

[Event "XIV Miedzynarodowe Mistrzostwa Gdanska "]
[Site "CEN Gdansk"]
[Date "2012.??.??"]
[Round "1.37"]
[White "Les, Czeslaw"]
[Black "Aftanasiuk, Jakub"]
[Result "1-0"]
[WhiteElo "1915"]
[BlackElo "1548"]
[PlyCount "51"]
[EventDate "2012.??.??"]

1. d4 e6 2. c4 d5 3. Nc3 Bb4 4. e3 Nf6 5. Nf3 Nbd7 6. Bd3 b6 7. O-O Bxc3 8.
bxc3 c5 9. cxd5 exd5 10. c4 dxc4 11. Bxc4 O-O 12. Bb2 Qc7 13. Rc1 Bb7 14. dxc5
Bxf3 15. Qxf3 bxc5 16. Bb3 Rac8 17. Rc2 Ne5 18. Qf5 Neg4 19. g3 Rfe8 20. Rfc1
Qb6 21. Rxc5 Rxc5 22. Qxc5 Qxc5 23. Rxc5 Re7 24. Rc8+ Re8 25. Rc7 Nh6 26. Rxa7
1-0

[Event "XIV Miedzynarodowe Mistrzostwa Gdanska "]
[Site "CEN Gdansk"]
[Date "2012.??.??"]
[Round "1.38"]
[White "Frej, Zofia"]
[Black "Zhuk, Ilya"]
[Result "0-1"]
[WhiteElo "1545"]
[BlackElo "1904"]
[PlyCount "96"]
[EventDate "2012.??.??"]

1. e4 e6 2. d4 d5 3. Nd2 dxe4 4. Nxe4 Nf6 5. Bd3 c6 6. Nf3 Be7 7. O-O b6 8. Bf4
Bb7 9. c3 O-O 10. Qc2 Na6 11. Rfe1 Nc7 12. h3 Ncd5 13. Be3 Nxe3 14. Nxf6+ Bxf6
15. fxe3 Qc7 16. e4 c5 17. e5 Be7 18. Bxh7+ Kh8 19. Be4 Rad8 20. Kh1 cxd4 21.
cxd4 Qxc2 22. Bxc2 Rc8 23. Bd3 Rc7 24. Rac1 Rfc8 25. Rxc7 Rxc7 26. a3 a6 27.
Re2 g6 28. Nd2 Rd7 29. Be4 Bxe4 30. Rxe4 Rc7 31. Nf1 Rc1 32. Kg1 Rb1 33. b4 Ra1
34. Re3 a5 35. Rb3 axb4 36. axb4 Rd1 37. b5 Rxd4 38. Kf2 Rd5 39. Ne3 Bc5 40.
Kf3 Bxe3 41. Kxe3 Rxe5+ 42. Kf3 Rc5 43. Ke4 Kg7 44. Kf4 f5 45. Re3 Kf6 46. Rb3
e5+ 47. Ke3 Ke6 48. g3 g5 0-1

[Event "XIV Miedzynarodowe Mistrzostwa Gdanska "]
[Site "CEN Gdansk"]
[Date "2012.??.??"]
[Round "1.39"]
[White "Plewa, Piotr"]
[Black "Wyczling, Artur"]
[Result "1-0"]
[WhiteElo "1900"]
[BlackElo "1499"]
[PlyCount "83"]
[EventDate "2012.??.??"]

1. d4 Nf6 2. c4 e6 3. g3 d5 4. Bg2 b6 5. Nf3 Bb4+ 6. Bd2 Bxd2+ 7. Nbxd2 O-O 8.
O-O Bb7 9. Qc2 Nbd7 10. Rac1 c5 11. cxd5 exd5 12. e3 Rc8 13. Qf5 Qe7 14. a3 Ne4
15. Nxe4 dxe4 16. Ne5 Nxe5 17. dxe5 Rfe8 18. Bxe4 Bxe4 19. Qxe4 Qxe5 20. Qxe5
Rxe5 21. Rfd1 Re7 22. Rd5 g6 23. Rcd1 Rcc7 24. g4 f6 25. Kf1 Kf7 26. Ke2 Re5
27. Rd8 Re8 28. h4 Rxd8 29. Rxd8 Ke7 30. Rh8 Kd6 31. Kd3 Rf7 32. e4 Kc6 33. f4
a5 34. h5 gxh5 35. gxh5 f5 36. h6 fxe4+ 37. Kxe4 Kd6 38. Rb8 Kc7 39. Rg8 Kd6
40. Rg7 Ke6 41. Rxf7 Kxf7 42. Ke5 1-0

[Event "XIV Miedzynarodowe Mistrzostwa Gdanska "]
[Site "CEN Gdansk"]
[Date "2012.??.??"]
[Round "1.40"]
[White "Belczewski, Jacek"]
[Black "Grabowski, Jan"]
[Result "1/2-1/2"]
[WhiteElo "1498"]
[BlackElo "1886"]
[PlyCount "92"]
[EventDate "2012.??.??"]

1. d4 e6 2. f4 Nf6 3. Nf3 c5 4. e3 Nc6 5. c3 Be7 6. Bd3 b6 7. O-O Bb7 8. Nbd2
Qc7 9. Ne4 Nxe4 10. Bxe4 f5 11. Bd3 cxd4 12. exd4 O-O 13. Be3 Bf6 14. Ne5 d6
15. Nf3 Na5 16. Qe2 Rae8 17. b4 Nc6 18. a4 Ne7 19. Rfc1 g6 20. c4 Bxf3 21. Qxf3
Nc6 22. Rab1 Bxd4 23. Bxd4 Nxd4 24. Qe3 e5 25. fxe5 dxe5 26. c5 Rf6 27. Rc4 f4
28. Qe4 Nf5 29. Qd5+ Qf7 30. Qxf7+ Kxf7 31. Bxf5 gxf5 32. c6 Rd6 33. Re1 Ke6
34. b5 e4 35. Kf2 Rg8 36. Re2 Ke7 37. Rec2 Rdg6 38. Kf1 Kd8 39. Rd4+ Kc8 40.
Rd7 R6g7 41. Rcd2 h5 42. R7d5 Rf7 43. Rf2 f3 44. gxf3 e3 45. Rg2 Rxg2 46. Kxg2
h4 1/2-1/2

[Event "XIV Miedzynarodowe Mistrzostwa Gdanska "]
[Site "CEN Gdansk"]
[Date "2012.??.??"]
[Round "1.41"]
[White "Dobrowolski, Henryk"]
[Black "Wicikowska, Agata"]
[Result "0-1"]
[WhiteElo "1883"]
[BlackElo "1487"]
[PlyCount "100"]
[EventDate "2012.??.??"]

1. d4 d5 2. c4 Nf6 3. Nc3 e6 4. Nf3 c5 5. e3 Be7 6. Be2 dxc4 7. Bxc4 O-O 8. O-O
b6 9. e4 cxd4 10. Nxd4 Bb7 11. e5 Nd5 12. Bxd5 Bxd5 13. Qg4 Kh8 14. Be3 Nc6 15.
Nxc6 Bxc6 16. Rad1 Qc7 17. f4 Rad8 18. Qe2 Kg8 19. Bd4 Rd7 20. Be3 Rfd8 21. h3
Bb4 22. Rc1 Qb7 23. f5 exf5 24. Rxf5 Bc5 25. Bxc5 Rd2 26. Qe3 R8d3 27. e6 Rxg2+
28. Kf1 Rxe3 29. exf7+ Qxf7 30. Rxf7 bxc5 31. Rc7 Bf3 32. Rxc5 Rxb2 33. Rc7 Kf8
34. Rxa7 Bg2+ 35. Kg1 Rxh3 36. Ne2 Rh1+ 37. Kxg2 Rxc1 38. Kf3 Rcb1 39. Nc3 Rb7
40. Ra8+ Rb8 41. Ra7 R1b7 42. Ra5 Rd8 43. Rc5 Rdd7 44. Ke4 Ra7 45. a4 Rdc7 46.
Kd4 Rxc5 47. Kxc5 h5 48. Kb6 Re7 49. a5 h4 50. Nd5 h3 0-1

[Event "XIV Miedzynarodowe Mistrzostwa Gdanska "]
[Site "CEN Gdansk"]
[Date "2012.??.??"]
[Round "2.1"]
[White "Smalara, Kazimierz"]
[Black "Cyborowski, Lukasz"]
[Result "0-1"]
[WhiteElo "1951"]
[BlackElo "2555"]
[PlyCount "88"]
[EventDate "2012.??.??"]

1. d4 d5 2. c4 c6 3. e3 Nf6 4. Nc3 Bf5 5. Bd3 Bxd3 6. Qxd3 e6 7. Nf3 Nbd7 8.
O-O Be7 9. b3 O-O 10. Bb2 Re8 11. Rfd1 Bb4 12. Ne5 Qc7 13. Nxd7 Qxd7 14. a3 Ba5
15. b4 Bc7 16. e4 dxc4 17. Qxc4 Rad8 18. Qe2 Qe7 19. Rac1 e5 20. d5 cxd5 21.
Nxd5 Nxd5 22. exd5 Bd6 23. Qg4 Qd7 24. Qxd7 Rxd7 25. Kf1 f5 26. Rc2 Kf7 27. f3
g5 28. g3 h5 29. Re2 g4 30. Kg2 gxf3+ 31. Kxf3 Rc7 32. Rde1 Kf6 33. Rf1 Rc4 34.
Rfe1 b6 35. Kg2 a5 36. bxa5 bxa5 37. Rf1 Kg6 38. Rf3 Rc5 39. Ref2 Rf8 40. Rd2
Rb8 41. Re3 e4 42. Ree2 Rc4 43. Rc2 Rbc8 44. Rcd2 R8c5 0-1

[Event "XIV Miedzynarodowe Mistrzostwa Gdanska "]
[Site "CEN Gdansk"]
[Date "2012.??.??"]
[Round "2.2"]
[White "Malisauskas, Vidmantas"]
[Black "Keely, Leo A"]
[Result "1-0"]
[WhiteElo "2460"]
[BlackElo "1949"]
[PlyCount "81"]
[EventDate "2012.??.??"]

1. d4 Nf6 2. c4 g6 3. Nc3 Bg7 4. e4 d6 5. Be2 O-O 6. Bg5 h6 7. Be3 a6 8. Qd2 h5
9. f3 e5 10. d5 Qe7 11. h4 b5 12. Nh3 bxc4 13. Ng5 Nbd7 14. Bxc4 Rb8 15. Rc1
Nb6 16. Be2 Nh7 17. g4 f5 18. Nxh7 Kxh7 19. g5 f4 20. Bf2 Rf7 21. Nb1 Na4 22.
b3 Nc5 23. Qa5 Bf8 24. Nd2 Ra8 25. b4 Nb7 26. Qa3 Qe8 27. Nb3 Kg7 28. Rc6 Nd8
29. Rc3 Nb7 30. Na5 Nxa5 31. Qxa5 Rb8 32. Rxc7 Be7 33. Ba7 Rb7 34. Rxb7 Bxb7
35. Bb6 Qc8 36. Kd2 Kf8 37. Rc1 Qh3 38. Rc7 Ba8 39. b5 axb5 40. Qxa8+ Kg7 41.
Rc8 1-0

[Event "XIV Miedzynarodowe Mistrzostwa Gdanska "]
[Site "CEN Gdansk"]
[Date "2012.??.??"]
[Round "2.3"]
[White "Walkusz, Miroslaw"]
[Black "Grabarczyk, Miroslaw"]
[Result "0-1"]
[WhiteElo "1938"]
[BlackElo "2442"]
[PlyCount "62"]
[EventDate "2012.??.??"]

1. d4 d5 2. Nf3 Nf6 3. c4 dxc4 4. Nc3 e6 5. e4 Bb4 6. Bg5 b5 7. a4 c6 8. e5 h6
9. Bh4 g5 10. Nxg5 hxg5 11. Bxg5 Nbd7 12. axb5 cxb5 13. Be2 Bb7 14. Bf3 Qb6 15.
exf6 O-O-O 16. O-O Ne5 17. Bxb7+ Qxb7 18. dxe5 Rxd1 19. Rfxd1 Bc5 20. Ra5 a6
21. Rda1 Rd8 22. Rxa6 b4 23. Ra8+ Kc7 24. Rxd8 Kxd8 25. Nd1 Qe4 26. Be3 Bxe3
27. Nxe3 c3 28. bxc3 b3 29. Kf1 b2 30. Rd1+ Kc7 31. Ke2 b1=Q 0-1

[Event "XIV Miedzynarodowe Mistrzostwa Gdanska "]
[Site "CEN Gdansk"]
[Date "2012.??.??"]
[Round "2.4"]
[White "Les, Czeslaw"]
[Black "Khamitskiy, Sergei"]
[Result "0-1"]
[WhiteElo "1915"]
[BlackElo "2290"]
[PlyCount "58"]
[EventDate "2012.??.??"]

1. d4 d5 2. Nf3 Nf6 3. c4 dxc4 4. Nc3 a6 5. a4 Nc6 6. e3 Na5 7. Ne5 Be6 8. Be2
c6 9. O-O g6 10. f4 Bg7 11. Rb1 Nd7 12. e4 Nxe5 13. fxe5 O-O 14. d5 cxd5 15.
exd5 Qb6+ 16. Kh1 Bf5 17. Rxf5 gxf5 18. Bf4 Qc5 19. Qe1 b5 20. Bf3 b4 21. Nd1
Rac8 22. e6 c3 23. bxc3 bxc3 24. Rc1 Nb3 25. Qg3 Nxc1 26. Bh6 Qd4 27. Bxc1 fxe6
28. dxe6 c2 29. Nb2 Qxb2 0-1

[Event "XIV Miedzynarodowe Mistrzostwa Gdanska "]
[Site "CEN Gdansk"]
[Date "2012.??.??"]
[Round "2.6"]
[White "Zhuk, Ilya"]
[Black "Kempinski, Tomasz"]
[Result "0-1"]
[WhiteElo "1904"]
[BlackElo "2204"]
[PlyCount "68"]
[EventDate "2012.??.??"]

1. e4 c5 2. c3 d5 3. exd5 Qxd5 4. d4 Nc6 5. Nf3 Bg4 6. Be2 e6 7. O-O Nf6 8. h3
Bf5 9. Be3 cxd4 10. cxd4 Be7 11. Nc3 Qa5 12. Qb3 Qc7 13. Nh4 Be4 14. Nxe4 Nxe4
15. Nf3 O-O 16. Rac1 Bd6 17. d5 exd5 18. Qxd5 Rfe8 19. Bb5 Nf6 20. Qb3 a6 21.
Bxc6 bxc6 22. Nd4 c5 23. Nf5 Bf8 24. Rfd1 Rab8 25. Qc2 Qe5 26. b3 Ne4 27. Nh4
Rbc8 28. Nf3 Qf6 29. Rd3 h6 30. Rcd1 Qe6 31. Nd2 Nd6 32. Nc4 Nf5 33. g4 Nh4 34.
Bf4 Qe4 0-1

[Event "XIV Miedzynarodowe Mistrzostwa Gdanska "]
[Site "CEN Gdansk"]
[Date "2012.??.??"]
[Round "2.7"]
[White "Bugalski, Michal"]
[Black "Dzikowski, Michal"]
[Result "1/2-1/2"]
[WhiteElo "2193"]
[BlackElo "1857"]
[PlyCount "75"]
[EventDate "2012.??.??"]

1. e4 c6 2. Nc3 d5 3. Nf3 Bg4 4. h3 Bxf3 5. Qxf3 e6 6. d3 Bb4 7. Bd2 Qf6 8.
O-O-O Qxf3 9. gxf3 d4 10. Ne2 Bxd2+ 11. Kxd2 c5 12. b4 cxb4 13. Nxd4 Nc6 14.
Nxc6 bxc6 15. Rb1 a5 16. c3 Ne7 17. a3 bxa3 18. Rb7 Ng6 19. d4 O-O 20. Bc4 Nf4
21. Kc2 Rfb8 22. Rb3 a2 23. h4 Ng6 24. Rxb8+ Rxb8 25. Bxa2 Kf8 26. h5 Ne7 27.
Bc4 Ke8 28. Rg1 g6 29. hxg6 hxg6 30. Rh1 Kd7 31. Rh7 Rf8 32. Bb3 Nc8 33. d5
cxd5 34. exd5 Kd6 35. Rh1 exd5 36. Ra1 Ne7 37. Rxa5 Rc8 38. Kd3 1/2-1/2

[Event "XIV Miedzynarodowe Mistrzostwa Gdanska "]
[Site "?"]
[Date "2012.??.??"]
[Round "2.8"]
[White "Maksimienko, Andrei Jr"]
[Black "Zielinski, Stanislaw"]
[Result "1/2-1/2"]
[WhiteElo "1874"]
[BlackElo "2139"]
[PlyCount "61"]
[EventDate "2012.??.??"]

1. e4 e5 2. Nf3 Nc6 3. Nc3 Nf6 4. d4 exd4 5. Nxd4 Bb4 6. Nxc6 bxc6 7. Bd3 d5 8.
exd5 cxd5 9. O-O O-O 10. Bg5 c6 11. Qf3 Be7 12. Rfe1 Be6 13. Ne2 h6 14. Bh4 Nd7
15. Bxe7 Qxe7 16. Nd4 Qc5 17. c3 Rab8 18. b4 Qb6 19. Nf5 Bxf5 20. Qxf5 Nf6 21.
Re5 Rfe8 22. Rae1 Rxe5 23. Rxe5 a5 24. a3 axb4 25. axb4 c5 26. bxc5 Qxc5 27. c4
Qd4 28. cxd5 Rb1+ 29. Bf1 Qd1 30. Qc8+ Kh7 31. Qc4 1/2-1/2

[Event "XIV Miedzynarodowe Mistrzostwa Gdanska "]
[Site "?"]
[Date "2012.??.??"]
[Round "2.9"]
[White "Zielinski, Wojciech"]
[Black "Pofelski, Andrzej"]
[Result "1-0"]
[WhiteElo "2122"]
[BlackElo "1842"]
[PlyCount "50"]
[EventDate "2012.??.??"]

1. e4 d5 2. exd5 Nf6 3. d4 Qxd5 4. c4 Qd8 5. Nc3 g6 6. Nf3 Bg7 7. Bd3 O-O 8.
Be3 c6 9. O-O Nbd7 10. Qd2 Ng4 11. Rfe1 Nxe3 12. Qxe3 e6 13. Rad1 Qb6 14. Qe2
Qa5 15. Bb1 a6 16. h4 Qh5 17. Ne4 Nf6 18. Ng3 Qg4 19. Qd2 Rd8 20. h5 Bf8 21.
Re5 Bd6 22. Qa5 Bd7 23. Rg5 Qf4 24. Ne2 Qxg5 25. Qxg5 Nxh5 1-0

[Event "XIV Miedzynarodowe Mistrzostwa Gdanska "]
[Site "CEN Gdansk"]
[Date "2012.??.??"]
[Round "2.10"]
[White "Olejarczyk, Bogdan"]
[Black "Ciesielski, Tomasz"]
[Result "1-0"]
[WhiteElo "2117"]
[BlackElo "1837"]
[PlyCount "69"]
[EventDate "2012.??.??"]

1. d4 e6 2. Nf3 d5 3. Bf4 c6 4. Nbd2 f5 5. e3 Nf6 6. Ne5 Bd6 7. Bd3 O-O 8. h3
Ne4 9. Bxe4 Bxe5 10. Bxf5 Bxf4 11. Bxh7+ Kxh7 12. exf4 Qf6 13. g3 Nd7 14. Nf3
Qf5 15. Qe2 Nf6 16. Ng5+ Kg8 17. O-O-O b6 18. Qe3 Nh7 19. h4 Bd7 20. Rde1 c5
21. Qd2 Rf6 22. Re5 Qg6 23. dxc5 bxc5 24. Ne4 Rf5 25. Nxc5 Rxe5 26. fxe5 Nf8
27. h5 Qf5 28. Qe3 Be8 29. f3 Rc8 30. b4 Nd7 31. Nd3 Nb6 32. g4 Qh7 33. Rh2 Rc4
34. Rd2 d4 35. Qg5 1-0

[Event "XIV Miedzynarodowe Mistrzostwa Gdanska "]
[Site "CEN Gdansk"]
[Date "2012.??.??"]
[Round "2.11"]
[White "Sieklucki, Adam"]
[Black "Kobus, Sebastian"]
[Result "1/2-1/2"]
[WhiteElo "1847"]
[BlackElo "2097"]
[PlyCount "54"]
[EventDate "2012.??.??"]

1. d4 e6 2. c4 d5 3. Nf3 Nf6 4. Nc3 Be7 5. Bg5 O-O 6. e3 b6 7. Bd3 Bb7 8. O-O
dxc4 9. Bxc4 Ne4 10. Bf4 Nd7 11. Qc2 Nxc3 12. bxc3 Bd6 13. Ng5 Nf6 14. Be5 g6
15. Rad1 Bd5 16. Be2 h6 17. Nf3 Be4 18. Bd3 Bxd3 19. Qxd3 Qe7 20. e4 Nd7 21.
Bg3 Bxg3 22. hxg3 Rfd8 23. Rfe1 e5 24. Qe3 Kh7 25. Kh2 Re8 26. Qc1 Rad8 27. Rh1
Kg7 1/2-1/2

[Event "XIV Miedzynarodowe Mistrzostwa Gdanska "]
[Site "CEN Gdansk"]
[Date "2012.??.??"]
[Round "2.12"]
[White "Zielinski, Maciej"]
[Black "Suliborski, Artur"]
[Result "1/2-1/2"]
[WhiteElo "2096"]
[BlackElo "1797"]
[PlyCount "74"]
[EventDate "2012.??.??"]

1. e4 e5 2. Nf3 Nc6 3. Bb5 a6 4. Bxc6 dxc6 5. O-O Bg4 6. h3 Bh5 7. d3 Qd6 8.
Nbd2 f6 9. Nc4 Qd7 10. a4 Bf7 11. Ne3 Bc5 12. Qe2 Ne7 13. Nh4 O-O-O 14. Bd2 g5
15. Nhf5 h5 16. Nxe7+ Bxe7 17. b4 Bg6 18. b5 cxb5 19. axb5 Qxb5 20. Nd5 Rhe8
21. c4 Qc6 22. Ba5 Rd7 23. Qf3 Bf7 24. Rfb1 Rg8 25. Rb3 g4 26. Qf5 Qe6 27. hxg4
hxg4 28. Qxe6 Bxe6 29. g3 Bxd5 30. exd5 Bc5 31. Rab1 b6 32. Bb4 Bxb4 33. Rxb4
Rdd8 34. Kg2 Kd7 35. Ra4 a5 36. c5 Rb8 37. Rc1 Rg5 1/2-1/2

[Event "XIV Miedzynarodowe Mistrzostwa Gdanska "]
[Site "CEN Gdansk"]
[Date "2012.??.??"]
[Round "2.13"]
[White "Serbinowski, Mieczyslaw"]
[Black "Kanarkiewicz, Michal"]
[Result "0-1"]
[WhiteElo "1802"]
[BlackElo "2079"]
[PlyCount "56"]
[EventDate "2012.??.??"]

1. d4 Nf6 2. Bf4 g6 3. e3 Bg7 4. Bd3 O-O 5. h4 d6 6. h5 Nc6 7. hxg6 hxg6 8. c3
e5 9. dxe5 dxe5 10. Bg5 Qd5 11. f3 Rd8 12. Be2 Qc5 13. Qc1 e4 14. Bxf6 Bxf6 15.
Na3 Ne5 16. f4 Nd3+ 17. Bxd3 Rxd3 18. Kf2 Bg4 19. Ne2 Rad8 20. Nd4 Qe7 21. Nac2
c5 22. Nb3 Rd1 23. Rxd1 Rxd1 24. Qxd1 Bxd1 25. Rxd1 b6 26. Na3 Qe6 27. Nb5 Qg4
28. Rd6 Bh4+ 0-1

[Event "XIV Miedzynarodowe Mistrzostwa Gdanska "]
[Site "CEN Gdansk"]
[Date "2012.??.??"]
[Round "2.14"]
[White "Traczewski, Wojciech"]
[Black "Stovring, Claus"]
[Result "0-1"]
[WhiteElo "1778"]
[BlackElo "2013"]
[PlyCount "96"]
[EventDate "2012.??.??"]

1. e4 d6 2. d4 Nf6 3. Nc3 g6 4. f4 Bg7 5. Nf3 c6 6. Bd3 Qb6 7. e5 dxe5 8. fxe5
Ng4 9. h3 Nh6 10. Bxh6 Bxh6 11. Na4 Qd8 12. Nc5 Nd7 13. Ne4 Nb6 14. c3 Nd5 15.
Nfg5 Bf5 16. O-O Ne3 17. Qb3 O-O 18. Rf3 Bxe4 19. Nxe4 b5 20. Nc5 e6 21. Ne4
Qh4 22. Nf2 a5 23. a3 Rfb8 24. Re1 a4 25. Qa2 Nd5 26. Re4 Qe7 27. Qb1 b4 28.
cxb4 Qa7 29. Ng4 Bg7 30. Bc4 Rd8 31. Qf1 h5 32. Nf6+ Nxf6 33. exf6 Rxd4 34.
Rxd4 Qxd4+ 35. Kh1 Bf8 36. Qe2 Rd8 37. Rf1 Bh6 38. Qc2 Qe5 39. Bd3 Qg3 40. Rf3
Qe1+ 41. Rf1 Qg3 42. Rf3 Qg5 43. Rf1 Bf8 44. Qe2 Bd6 45. Rf3 Be5 46. Qf1 Bxb2
47. Qe2 Bxa3 48. Qf2 Bxb4 0-1

[Event "XIV Miedzynarodowe Mistrzostwa Gdanska "]
[Site "CEN Gdansk"]
[Date "2012.??.??"]
[Round "2.15"]
[White "Vakhitov, Dmitri"]
[Black "Kotlowski, Tomasz"]
[Result "0-1"]
[WhiteElo "1643"]
[BlackElo "1995"]
[PlyCount "38"]
[EventDate "2012.??.??"]

1. d4 g6 2. c4 Bg7 3. Nc3 d6 4. g3 Nc6 5. Nf3 e5 6. d5 Nce7 7. e4 f5 8. Bg2 Nf6
9. O-O O-O 10. Nd2 f4 11. h3 g5 12. g4 Ng6 13. Bf3 Nh4 14. Be2 h5 15. f3 hxg4
16. hxg4 Kf7 17. Kf2 Rh8 18. Rh1 Bd7 19. b4 c6 0-1

[Event "XIV Miedzynarodowe Mistrzostwa Gdanska "]
[Site "CEN Gdansk"]
[Date "2012.??.??"]
[Round "2.16"]
[White "Bobryk, Konrad"]
[Black "Wrzesinski, Pawel"]
[Result "1-0"]
[WhiteElo "1558"]
[BlackElo "1960"]
[PlyCount "61"]
[EventDate "2012.??.??"]

1. d4 Nf6 2. c4 e6 3. Nc3 d5 4. Bf4 Bd6 5. Bg3 c6 6. e3 O-O 7. Nf3 Qc7 8. Bd3
Nbd7 9. Qc2 dxc4 10. Bxc4 e5 11. O-O a6 12. Rfd1 b5 13. Bd3 exd4 14. Nxd4 Bxg3
15. hxg3 c5 16. Nf5 Ne5 17. Be4 Bb7 18. a4 b4 19. Bxb7 Qxb7 20. Nd5 c4 21.
Nxf6+ gxf6 22. Rd6 a5 23. Rxf6 Ra6 24. Rxa6 Qxa6 25. Rd1 Rb8 26. Rd6 Qa7 27.
Qe4 Ng6 28. Qxc4 Qb7 29. Qd4 f6 30. Qxf6 Rf8 31. Nh6# 1-0

[Event "XIV Miedzynarodowe Mistrzostwa Gdanska "]
[Site "?"]
[Date "2012.??.??"]
[Round "2.18"]
[White "Wicikowska, Agata"]
[Black "Ciszewski, Marek"]
[Result "1/2-1/2"]
[WhiteElo "187"]
[BlackElo "1953"]
[PlyCount "70"]
[EventDate "2012.??.??"]

1. d4 c5 2. Nf3 cxd4 3. Nxd4 g6 4. c3 Bg7 5. Bg5 Qa5 6. Qd2 Nf6 7. Bh6 Ne4 8.
Qe3 Bxh6 9. Qxh6 Qg5 10. Qxg5 Nxg5 11. Nd2 Nc6 12. e3 d6 13. Bb5 Bd7 14. O-O
Nxd4 15. Bxd7+ Kxd7 16. cxd4 Rac8 17. Rfc1 h5 18. h4 Ne6 19. f4 f6 20. Nf3 Nc7
21. Kf2 Nd5 22. Ke2 Nb6 23. b3 a6 24. Rab1 Nd5 25. Kd2 Nb4 26. a3 Na2 27. Rxc8
Rxc8 28. Rb2 Nc3 29. a4 Ne4+ 30. Kd3 Rc3+ 31. Ke2 Ng3+ 32. Kd2 Ne4+ 33. Ke2
Ng3+ 34. Kd2 Ne4+ 35. Ke2 Ng3+ 1/2-1/2

[Event "XIV Miedzynarodowe Mistrzostwa Gdanska "]
[Site "?"]
[Date "2012.??.??"]
[Round "2.20"]
[White "Cichocka, Urszula"]
[Black "Plesik, Piotr"]
[Result "0-1"]
[WhiteElo "1723"]
[BlackElo "2226"]
[PlyCount "80"]
[EventDate "2012.??.??"]

1. e4 Nc6 2. Nf3 d6 3. d4 Bg4 4. Be2 g6 5. d5 Bxf3 6. gxf3 Nb8 7. Nc3 Bg7 8.
Be3 c6 9. Bd4 Nf6 10. f4 O-O 11. h4 cxd5 12. Bxf6 Bxf6 13. Nxd5 e6 14. Nxf6+
Qxf6 15. Qc1 Nc6 16. c3 e5 17. fxe5 Qxe5 18. Qc2 Rae8 19. O-O-O Qxe4 20. Bd3
Qf4+ 21. Kb1 Ne5 22. Be4 Re7 23. Rd4 Nf3 24. Bxf3 Qxf3 25. Rhd1 Re2 26. Qb3
Rfe8 27. Rxd6 R8e7 28. Rd8+ Kg7 29. Qb4 Qxf2 30. a3 R2e4 31. R1d4 Qxh4 32. Qc5
Rxd4 33. Rxd4 Qe1+ 34. Ka2 b6 35. Qg5 Qe5 36. Qc1 Qe6+ 37. Ka1 Rd7 38. Rh4 h5
39. Rh1 Rd3 40. Qg5 Qd5 0-1

[Event "XIV Miedzynarodowe Mistrzostwa Gdanska "]
[Site "CEN Gdansk"]
[Date "2012.??.??"]
[Round "2.21"]
[White "Janik, Igor"]
[Black "Pioch, Zygmunt"]
[Result "0-1"]
[WhiteElo "1767"]
[BlackElo "2120"]
[PlyCount "67"]
[EventDate "2012.??.??"]

1. e4 e5 2. Nf3 Nc6 3. Bc4 Bc5 4. O-O Nf6 5. d3 O-O 6. c3 d6 7. Nbd2 a6 8. Bb3
Be6 9. Re1 Qd7 10. Nf1 h6 11. h3 Ba7 12. Be3 Rfe8 13. Ng3 Bxe3 14. Rxe3 Rad8
15. Bxe6 Qxe6 16. c4 Ne7 17. Nh4 g6 18. Qe2 Kh7 19. Nf1 Nc6 20. Rg3 Nd4 21. Qd2
Nh5 22. Re3 f5 23. exf5 gxf5 24. Ng3 f4 25. Nxh5 fxe3 26. Qxe3 Rg8 27. Re1 Qf7
28. Ng3 Rdf8 29. Ne2 Nxe2+ 30. Qxe2 Qf6 31. Qe4+ Kh8 32. Re2 Qg5 33. g3 Rf4 34.
f3 0-1

[Event "XIV Miedzynarodowe Mistrzostwa Gdanska "]
[Site "CEN Gdansk"]
[Date "2012.??.??"]
[Round "2.22"]
[White "Szczepaniec, Stanislaw"]
[Black "Albin, Grzegorz"]
[Result "1-0"]
[WhiteElo "2059"]
[BlackElo "1804"]
[PlyCount "81"]
[EventDate "2012.??.??"]

1. c4 Nf6 2. Nc3 e6 3. e4 d5 4. e5 Ng8 5. d4 c6 6. Nf3 Bb4 7. Qb3 Bxc3+ 8. bxc3
Ne7 9. Ba3 O-O 10. Bd3 dxc4 11. Bxc4 Re8 12. O-O b6 13. Ng5 Nd5 14. Ne4 Qh4 15.
Rae1 b5 16. Bxd5 exd5 17. Nd6 Rd8 18. f4 Bg4 19. Re3 Na6 20. h3 Bd7 21. f5 Nc7
22. Qd1 Ne8 23. Nb7 Rdb8 24. Nc5 Rd8 25. Qe2 Nc7 26. Nxd7 Rxd7 27. e6 fxe6 28.
fxe6 Rdd8 29. e7 Re8 30. Bd6 b4 31. Bxc7 bxc3 32. Qf2 Qxf2+ 33. Rxf2 c5 34. Bd6
cxd4 35. Ref3 h6 36. Rf8+ Kh7 37. Rxe8 Rxe8 38. Rc2 Rc8 39. Be5 Re8 40. Bxd4
Rxe7 41. Rxc3 1-0

[Event "XIV Miedzynarodowe Mistrzostwa Gdanska "]
[Site "CEN Gdansk"]
[Date "2012.??.??"]
[Round "2.23"]
[White "Teclaf, Pawel"]
[Black "Marszk, Kazimierz"]
[Result "0-1"]
[WhiteElo "1631"]
[BlackElo "2050"]
[PlyCount "88"]
[EventDate "2012.??.??"]

1. e4 c6 2. d4 d5 3. exd5 cxd5 4. Bd3 Nc6 5. c3 Nf6 6. Bf4 Bg4 7. Qb3 Qd7 8.
Nd2 e6 9. Ngf3 Bd6 10. Be5 O-O 11. O-O Rac8 12. Rfe1 Rc7 13. Bxd6 Qxd6 14. Ne5
Bh5 15. Re3 Rfc8 16. Rae1 Nd7 17. Nxc6 bxc6 18. Qc2 Bg6 19. b4 a5 20. a3 Ra8
21. Bxg6 hxg6 22. Rh3 Rca7 23. Ree3 Nf6 24. Nf1 Qf4 25. Ref3 Qe4 26. Qd2 Kf8
27. Qg5 Ke7 28. Rh7 Qg4 29. Qxg4 Nxg4 30. Rxg7 Nf6 31. g4 Kf8 32. Rxg6 fxg6 33.
Rxf6+ Kg7 34. Rxe6 axb4 35. axb4 Rc7 36. Rd6 Ra3 37. b5 cxb5 38. Rxd5 Rb3 39.
Nd2 Rb2 40. Ne4 Re7 41. f3 Ra7 42. Ng3 Ra1+ 43. Nf1 Rbb1 44. Kg2 Rxf1 0-1